000
00374nam a22001097a 4500
082
_a
620
100
_a
यूथ कॉम्पिटिशन
_9
82606
245
_a
All India TG-2 इलेक्ट्रिशियन थ्योरी
260
_a
प्रयागराज
_b
यूथ कॉम्पिटिशन
_c
2025
650
_a
Eng.
942
_c
C. BOOKS
999
_c
67246
_d
67246